000
00267nam a2200121Ia 4500
008
241002s9999 xx 000 0 und d
082
_a
954.6 BEG
100
_a
Beaig, Aziz
245
0
_a
Captive Kashmir
260
_a
Lahore:
_c
1957
600
_a
History
942
_c
UC
999
_c
18563
_d
18563